Normal view
MARC view
Entry Geographic Name
001 - CONTROL NUMBER
- control field: 44274
003 - CONTROL NUMBER IDENTIFIER
- control field: ARRUPE
005 - DATE AND TIME OF LATEST TRANSACTION
- control field: 20190130103853.0
008 - FIXED-LENGTH DATA ELEMENTS
- fixed length control field: 190130|| aca||aabn | a|a d
040 ## - CATALOGING SOURCE
- Original cataloging agency: ARRUPE
- Transcribing agency: ARRUPE
151 ## - HEADING--GEOGRAPHIC NAME
- Geographic name: Developing countries
- General subdivision: Economic policy
- General subdivision: Citizen participation.
670 ## - SOURCE DATA FOUND
- Source citation: Work cat.: (ARRUPE)0: The Challenge to the South /, 1990.